"Wow" wellness
Existencia wellness a spa v hoteli už nie je pre hosťa zaujímavým bonusom, ale nepísanou povinnou službou. Spokojnosť hosťa a vyhodnotenie pobytu bude závisieť od - kvality komunikácie personálu, od toho, ako bezpečne a bez stresu sa počas pobytu cítil a od toho, čo bolo výnimočné, čo inde nezažil....
Gespeichert in:
| 1. Verfasser: | |
|---|---|
| Format: | Buchkapitel |
| Sprache: | Slowakisch |
| Schlagworte: | |
| Tags: |
Keine Tags, Fügen Sie das erste Tag hinzu!
|
MARC
| LEADER | 00000naa a2200000 4500 | ||
|---|---|---|---|
| 001 | 0258120 | ||
| 005 | 20210218124509.8 | ||
| 041 | 0 | |a slo | |
| 044 | |a SK | ||
| 245 | 1 | 0 | |a "Wow" wellness |c Hana Cathala |
| 520 | |a Existencia wellness a spa v hoteli už nie je pre hosťa zaujímavým bonusom, ale nepísanou povinnou službou. Spokojnosť hosťa a vyhodnotenie pobytu bude závisieť od - kvality komunikácie personálu, od toho, ako bezpečne a bez stresu sa počas pobytu cítil a od toho, čo bolo výnimočné, čo inde nezažil. Navrhovaný koncept vínoterapie. Slovenské hotely s najlepšími wellness službami. | ||
| 610 | 2 | 0 | |a hotely |
| 610 | 2 | 0 | |a služby |
| 610 | 2 | 0 | |a služby wellnessové |
| 610 | 2 | 0 | |a spokojnosť zákazníkov |
| 610 | 2 | 0 | |a personál |
| 610 | 2 | 0 | |a bezpečnosť |
| 610 | 2 | 0 | |a relaxácia |
| 610 | 2 | 0 | |a oddych |
| 610 | 2 | 0 | |a Slovensko |
| 100 | 1 | |a Cathala, Hana | |